Concionum opus in quo inseruntur conciones silvae novae, seu auctarii R. P. Matthiae Fabri Societatis Jesu

Detalles Bibliográficos
Autor principal: Faber, Mathias, S. J., 1586-1653
Formato: Libro
Lenguaje:Latin
Publicado: Parisiis : Ludovicus Vives, bibliopola editor, 1890.
Materias:
Colección:Banco de datos
Acervo:Seminario Conciliar de Nuestra Señora de Guadalupe Querétaro. Qro.. Biblioteca Florencio Rosas. Fondo Histórico
Descripción Física:6 t. ; 28 cm.
Tema general:Homilética
Notas:Texto con signaturas. Cada tomo con portada y paginación propias. Los 2-6 publicados en 1890. Paginación: t. 2 [2] h., 720 p.; t. 3 [2] h., 913 p.; t. 4 [2] h., 908 p.; t. 5 [2] h., 788 p.; t. 6 [2] h., 789 p. Encuadernación holandesa (9476-9480). Sello en tinta de la Biblioteca del Seminario, Querétaro (9477-9478). Daños de humedad (9476-9480). Daños en la encuadernación, hojas semidesprendidas (9476, 9479)
LEADER 01759nam a22001930004500
035 |a 3808 
041 0 |a lat 
100 1 |a Faber, Mathias, S. J., 1586-1653 
245 1 0 |a Concionum opus in quo inseruntur conciones silvae novae, seu auctarii R. P. Matthiae Fabri Societatis Jesu 
260 |a Parisiis : Ludovicus Vives, bibliopola editor, 1890. 
300 |a 6 t. ; 28 cm.  
500 |a Texto con signaturas. Cada tomo con portada y paginación propias. Los 2-6 publicados en 1890. Paginación: t. 2 [2] h., 720 p.; t. 3 [2] h., 913 p.; t. 4 [2] h., 908 p.; t. 5 [2] h., 788 p.; t. 6 [2] h., 789 p. Encuadernación holandesa (9476-9480). Sello en tinta de la Biblioteca del Seminario, Querétaro (9477-9478). Daños de humedad (9476-9480). Daños en la encuadernación, hojas semidesprendidas (9476, 9479) 
504 |a Incluyen índice de contenido 
505 0 0 |a t. 2 Pars hiemalis secundum volumen De dominicis a dominica quarta quadragesimae ad dominicam primam post Pascha cui adduntur funebres nuptialesque conciones.-- t. 3 Par aestivalis volumen primum De dominicis a dominica prima post Pascha ad dominicam septimam post Pentecosten.-- t. 4 Pars aestivalis secundum volumen De dominicis a dominica octava post Pentecosten ad dominicam vigesimam quartam post Pentecosten.-- t. 5 Pars festivalis volumen primum a festo S. Andreae ad festum S. Joannis Baptistae.-- t. 6 Pars festivalis secundum volumen a festo SS. Apostolorum Petri et Pauli ad festum S. Catharinae 
650 1 0 |a Homilética 
949 |a Fondo Histórico: t. 2 (9476); t. 3 (9477); t. 4 (9478); t. 5 (9479); t. 6 (9480) 
942 |c Q.R.H.T 
943 |g Seminario Conciliar de Nuestra Señora de Guadalupe Querétaro. Qro.. Biblioteca Florencio Rosas. Fondo Histórico 
999 |c 1085263  |d 1085263